Sports Quiz

Random Sports or World Quiz
Score 0/23 Timer 04:00
0 Plays Today
club Name % Correct
Real MadridCristiano Ronaldo
99.8%
FC BarcelonaLionel Messi
99.6%
Bayern MunichManuel Neuer
91.9%
Bayern MunichArjen Robben
85.3%
Bayern MunichPhilipp Lahm
83.8%
FC BarcelonaNeymar
82.6%
FC BarcelonaAndrés Iniesta
82.4%
Bayern Munich / Real MadridToni Kroos
80%
Bayern MunichThomas Müller
79%
Atlético Madrid / Chelsea FCDiego Costa
74.3%
PSGZlatan Ibrahimovic
74.3%
Real Madrid / Manchester UnitedÁngel Di María
73.4%
club Name % Correct
Real MadridGareth Bale
73.1%
AS Monaco / Real MadridJames Rodríguez
73%
Real MadridSergio Ramos
72.2%
Chelsea FCEden Hazard
66.1%
Real MadridKarim Benzema
62.9%
Bayern MunichBastian Schweinsteiger
60.6%
Manchester CityYaya Touré
54.8%
Atlético Madrid / Chelsea FCThibaut Courtois
50.9%
JuventusPaul Pogba
49.4%
Bayern MunichMario Götze
48.2%
FC BarcelonaJavier Mascherano
35.8%
Remove Ads.
Support Sporcle.
Get the best of Sporcle when you Go Orange. This ad-free experience offers more features, more stats, and more fun while also helping to support Sporcle. Thank you for becoming a member.

You're not logged in!

Compare scores with friends on all Sporcle quizzes.
OR
Log In

Show Comments

Extras

Top Quizzes Today


Score Distribution

Your Account Isn't Verified!

In order to create a playlist on Sporcle, you need to verify the email address you used during registration. Go to your Sporcle Settings to finish the process.

Report this User

Report this user for behavior that violates our Community Guidelines.

Details: